000 00642nam a2200205 i 4500
001 59187
003 ES-MaACL
005 20260129170020.0
007 t|
008 031027s1954 sp 00110 spa d
100 1 _aElías de Tejada, Francisco.
_946976
245 1 3 _aLa monarquía tradicional /
_cFrancisco Elías de Tejada Spínola.
260 _aMadrid :
_bRialp,
_c1954 (
_fFlo-Rez)
300 _a182 p. ;
_c20 cm.
490 1 _aBiblioteca del pensamiento actual ;
_v27
650 4 _aMonarquía-
_zEspaña.
_915144
830 1 _aBiblioteca del pensamiento actual
_v27
_9181187
852 _aES-MaACL
_jC-10496
999 _c59187
_d59187